000 00517nam a2200193Ia 4500
005 20240823024041.0
008 240823s9999||||xx |||||||||||||| ||und||
041 _aENGLISH
082 _A005.453 L9
100 _a"Hopcroff,John E"
245 0 _a"Introduction to Automata Theory Language,and Computation"
250 _a1st
260 _c1979
_b"Narasa,New Delhi"
500 _aTRANSFERED
650 _aAutomata Theory
_bComputer Applications
700 _a" Ullman,Jeffrey D"
942 _cBK
999 _c183003
_d183003